[Event "Nuremberg Zabo op 13th"]
[Site "Nuremberg"]
[Date "2011.09.17"]
[Round "3"]
[White "Schilay, Eva"]
[Black "Schmidt, Klaus"]
[Result "0-1"]
[WhiteElo "1052"]
[BlackElo "1613"]
[PlyCount "168"]
[EventDate "2011.09.16"]
[EventType "swiss"]
[EventRounds "5"]
[EventCountry "GER"]
[SourceTitle "EXT 2013"]
[Source "ChessBase"]
[SourceDate "2012.11.22"]
[SourceVersion "1"]
[SourceVersionDate "2012.11.22"]
[SourceQuality "1"]

1. e4 g6 2. Nf3 Bg7 3. Bc4 e6 4. Nc3 c6 5. d3 b5 6. Bb3 a5 7. a3 Qc7 8. Be3 Ba6 9. 0-0 d5 10. exd5 cxd5 11. a4 b4 12. Ne2 Bxb2 13. Rb1 Bg7 14. Nfd4 Nd7 15. Nb5 Bxb5 16. axb5 Rb8 17. Ba4 Nb6 18. c4 dxc4 19. dxc4 Rd8 20. Qc2 Bc3 21. Rfd1 Ke7 22. Bd4 Bxd4 23. Rxd4 Rxd4 24. Nxd4 Nd7 25. Re1 Ngf6 26. Nc6+ Kf8 27. Qd2 Kg7 28. Qe3 Nb6 29. Ra1 Nxc4 30. Qc5 Nb6 31. Qe7 Qxe7 32. Nxe7 Ra8 33. Kf1 Ne4 34. Ke1 Nc3 35. Bc2 Nxb5 36. Nc6 Na3 37. Bd3 Nd5 38. Kd2 f5 39. Ne5 Rc8 40. g3 g5 41. Re1 g4 42. Ba6 Rc2+ 43. Kd3 Rc7 44. Nc4 Rc6 45. Bb7 Rxc4 46. Rxe6 Rc3+ 47. Kd4 Nf6 48. Re7+ Kg6 49. Ba6 Rc2 50. Bd3 Rxf2 51. Ra7 Nc2+ 52. Kc5 b3 53. Rxa5 b2 54. Rb5 Na3 55. Rb3 b1Q 56. Bxb1 Nxb1 57. Rxb1 Rxh2 58. Rg1 h5 59. Kd4 Rh3 60. Ke3 Ne4 61. Kf4 Nxg3 62. Rxg3 Rxg3 63. Kxg3 Kg5 64. Kg2 Kh4 65. Kh2 f4 66. Kg2 Kg5 67. Kh2 h4 68. Kg2 h3+ 69. Kh2 Kh4 70. Kg1 f3 71. Kf2 h2 72. Kf1 h1R+ 73. Kf2 Kh3 74. Ke3 Kg2 75. Kf4 g3 76. Ke3 f2 77. Ke4 f1Q 78. Ke5 Rh8 79. Ke4 Re8+ 80. Kd5 Qd1+ 81. Kc6 Re2 82. Kc5 Rc2+ 83. Kb4 Qb1+ 84. Ka3 Ra2# 0-1

[Event "Nuremberg Zabo op 13th"]
[Site "Nuremberg"]
[Date "2011.09.17"]
[Round "2"]
[White "Schmidt, Klaus"]
[Black "Schneider, Jana"]
[Result "1/2-1/2"]
[WhiteElo "1613"]
[BlackElo "1335"]
[PlyCount "60"]
[EventDate "2011.09.16"]
[EventType "swiss"]
[EventRounds "5"]
[EventCountry "GER"]
[SourceTitle "EXT 2013"]
[Source "ChessBase"]
[SourceDate "2012.11.22"]
[SourceVersion "1"]
[SourceVersionDate "2012.11.22"]
[SourceQuality "1"]

1. d4 d5 2. Bf4 Nf6 3. Nd2 Bf5 4. Ngf3 Nbd7 5. e3 e6 6. c3 c5 7. Be2 Be7 8. h3 Qb6 9. Qb3 Ne4 10. Bb5 c4 11. Bxd7+ Kxd7 12. Ne5+ Kc8 13. Qxb6 axb6 14. Nxf7 Rf8 15. Nxe4 Bxe4 16. Nd6+ Bxd6 17. Bxd6 Rd8 18. Be5 Bxg2 19. Rg1 Bxh3 20. Rxg7 Rd7 21. Rg8+ Rd8 22. Rxd8+ Kxd8 23. a3 Kd7 24. 0-0-0 Rg8 25. Rh1 Bf5 26. Bg3 Be4 27. Rh2 Kc6 28. Rh6 Rg6 29. Rxg6 hxg6 30. Bh4 b5 1/2-1/2